L'Empire romain tardif : 235-641 apr. J.-C. (notice n° 2197733)

détails MARC
000 -LEADER
fixed length control field 01506cam a2200133 4500500
005 - DATE AND TIME OF LATEST TRANSACTION
control field 20260405085445.0
041 ## - LANGUAGE CODE
Language code of text/sound track or separate title fre
042 ## - AUTHENTICATION CODE
Authentication code dc
100 10 - MAIN ENTRY--PERSONAL NAME
Personal name Destephen, Sylvain
Relator term author
245 00 - TITLE STATEMENT
Title L'Empire romain tardif : 235-641 apr. J.-C.
260 ## - PUBLICATION, DISTRIBUTION, ETC.
Name of publisher, distributor, etc. Armand Colin,<br/>
Date of publication, distribution, etc. 2025.<br/>
520 ## - SUMMARY, ETC.
Summary, etc. L’Antiquité tardive (IIIe-VIIe s.) est une période historique essentielle, marquée par des évolutions profondes et progressives qui ont modifié l’organisation du monde méditerranéen antique et posé les fondements des périodes et des civilisations postérieures et limitrophes.Après une grave crise au IIIe siècle (instabilité du pouvoir impérial, menaces d’invasions…), l’Empire romain connaît un redressement politique et institutionnel. Pourtant, victime d’antagonismes et de divisions, il finit par se scinder en deux entités: l’Empire romain d’Occident et l’Empire romain d’Orient. Alors que le premier se disloque puis disparaît au Ve siècle, le second survit et aboutit au VIIe siècle à la naissance de l’Empire byzantin.Cet ouvrage présente le déroulement chronologique de la période et décrit les évolutions politico-militaires, administratives, économiques, culturelles de l’Empire. Enrichi de nombreux plans et cartes, de documents commentés, il propose un tableau clair et détaillé de 5 siècles à l’origine de notre monde actuel.
856 41 - ELECTRONIC LOCATION AND ACCESS
Uniform Resource Identifier <a href="https://shs.cairn.info/lempire-romain-tardif--9782200641740?lang=fr&redirect-ssocas=7080">https://shs.cairn.info/lempire-romain-tardif--9782200641740?lang=fr&redirect-ssocas=7080</a>

Pas d'exemplaire disponible.

PLUDOC

PLUDOC est la plateforme unique et centralisée de gestion des bibliothèques physiques et numériques de Guinée administré par le CEDUST. Elle est la plus grande base de données de ressources documentaires pour les Étudiants, Enseignants chercheurs et Chercheurs de Guinée.

Adresse

627 919 101/664 919 101

25 boulevard du commerce
Kaloum, Conakry, Guinée

Réseaux sociaux

Powered by Netsen Group @ 2025